00391nam a22001577a 4500003000500000005001700005008004100022020001800063040000600081082001900087100001700106245003600123260003600159300001600195650002200211CEME20210628203544.0210317b xxu||||| |||| 00| 0 eng d a0-201-14544-8 c. a621.3813 SAN'M aSander, K. F aMicrowave compnents and systems aWOKINGHAMbADDISON WESLEYc1987 aXVIII, 388P aMICROWAVE DEVICES